000 00912nam a2200217Ia 4500
001 17941
003 GE_BSU
008 181216s||||||||xx |||||||||||||| ||und||
040 _cGE_BSU
080 _a821.353.1 + 821.353.1-1
100 _aმოსაშვილი, ი.
245 _aრჩეული თხზულებანი : 2 ტომად. ტ. 1.
245 _cრედ.რ.ბეჟანიშვილი. მხატვ.ჯ.ყავლაშვილი
260 _aთბილისი
260 _bსაბჭ. საქართველო
260 _c1959
300 _a431 გვ. : ფაქს., 1 ფ. პორტრ 23 სმ
300 _eბოლოსიტყვაობა: "ილო მოსაშვილი - ელიზბარ უბილავა", გვ. 417-424
653 _aრჩეული თხზულებანი
942 _cBK
999 _c50984
_d50984